Bible prophets, statesmen. (Record no. 16950)

000 -LEADER
fixed length control field 00542nam a2200181 a 4500
001 - CONTROL NUMBER
control field :::00020294$&:&@@
003 - CONTROL NUMBER IDENTIFIER
control field OkBaRHE
005 - DATE AND TIME OF LATEST TRANSACTION
control field 20100331124049.0
008 - FIXED-LENGTH DATA ELEMENTS--GENERAL INFORMATION
fixed length control field s1973 j 000 0 eng u
040 ## - CATALOGING SOURCE
Transcribing agency
100 1# - MAIN ENTRY--PERSONAL NAME
Personal name Hall, Newton M., and Wood, Irving F.
245 10 - TITLE STATEMENT
Title Bible prophets, statesmen.
260 ## - PUBLICATION, DISTRIBUTION, ETC. (IMPRINT)
Place of publication, distribution, etc Chicago
Name of publisher, distributor, etc John Rudin & Company
Date of publication, distribution, etc 1973
300 ## - PHYSICAL DESCRIPTION
Extent 586 p.
490 0# - SERIES STATEMENT
Series statement The Book of Life
942 ## - ADDED ENTRY ELEMENTS (KOHA)
Source of classification or shelving scheme
Koha item type Books
Copies
Barcode Full call number Date acquired Permanent Location Price effective from Shelving location Not for loan Date last seen Copy number Damaged status Lost status Source of classification or shelving scheme Koha item type Withdrawn status
20294BS 551 .A3 V.52010-04-14RHEMA Bible Training College2010-04-14General Stacks 2018-02-201   Books